LEADER 01274cam0 22002891 450 001 SOBE00071824 005 20220927082156.0 010 $a8875731993 100 $a20220524d1988 |||||ita|0103 ba 101 $aita 102 $aIT 200 1 $aCostanti e varianti nella poesia italiana del Novecento$esaggi su Campana, Rčbora, Sbarbaro, Saba, Penna, Bertolucci, Luzi, Caproni, Sereni e un'appendice su Pascoli e Leopardi$fAntonio Iacopetta 210 $aRoma$cBonacci$d1988 215 $a226 p.$d21 cm 225 2 $aippogrifo$v46 410 1$1001LAEC00015654$12001 $aL'*ippogrifo$v46 500 10$aCostanti e varianti nella poesia italiana del Novecento$3SOBA00024110$91257754 700 1$aIacopetta$b, Antonio$3AF00014948$4070$0171706 801 0$aIT$bUNISOB$c20220927$gRICA 850 $aUNISOB 852 $aUNISOB$jSaggi|G$m176428 912 $aSOBE00071824 940 $aM 102 Monografia moderna SBN 941 $aM 957 $xFondo|Leopardiano$aSaggi|G$b000040$gCON$d176428$n20220519$hFondoLeopardiano$rdono$1catenaccif$2UNISOB$3UNISOB$420220524124020.0$520220927082156.0$6catenaccif$fPer le modalitŕ di consultazione vedi home page Biblioteca link Fondi 996 $aCostanti e varianti nella poesia italiana del Novecento$91257754 997 $aUNISOB